Testes e ficha de aproveitamento escolar

Gespeichert in:
Bibliographische Detailangaben
1. Verfasser: João de Deus Maria Paula da Costa
Format: keine Angabe
Sprache:Portugiesisch
Erschienen: Lisboa Goretti 1970
Ausgabe:6a ed.
Katalog:MANES:  Suchergebnis im Bibliothekskatalog
Schulbuchspezifische Eigenschaften:
Schriftenreihe:Goretti
Tags: Tag hinzufügen
Keine Tags, Fügen Sie den ersten Tag hinzu!
Hinzugefügt zu:26.04.2016
Geändert in:25.04.2025

MARC

LEADER 000000000a22000000004500
001 36977
003 OSt
005 20250425110759.0
008 160427s po ||||| |||| 00| 0 por d
041 |a Portugués 
561 |5 pt-MJD  |a Portugal. Museu João de Deus  |k MANES 
691 |a PRI 
100 1 |a João de Deus  |9 19096  |a Maria Paula da Costa  |9 19097 
245 0 0 |a Testes e ficha de aproveitamento escolar 
250 |a 6a ed. 
260 3 |a Lisboa  |b Goretti  |c 1970 
300 |a 95 p.  |c 22 cm 
440 |a Goretti  |9 19098 
500 |a Registro Topográfico: 8121 
690 |a EA 
942 |2 ddc  |c BK 
546 |a Portugal 
999 |c 40436  |d 40436 
999 |c manes:40436  |d 40436